Teobaldo Power y su época / (Record no. 12740)

MARC details
000 -LEADER
campo de control de longitud fija 00774nam a2200229 4500
001 - NÚMERO DE CONTROL
campo de control 12740
003 - IDENTIFICADOR DE NÚMERO DE CONTROL
campo de control ES-MaACL
005 - FECHA Y HORA DE LA ÚLTIMA TRANSACCIÓN
campo de control 20230906150402.0
007 - CAMPO FIJO DE DESCRIPCIÓN FÍSICA--INFORMACIÓN GENERAL
campo de control de longitud fija t|
008 - DATOS DE LONGITUD FIJA--INFORMACIÓN GENERAL
campo de control de longitud fija 000000s19840000sp ||||0|bspa d
016 7# - NÚMERO DE CONTROL DE UNA AGENCIA BIBLIOGRÁFICA NACIONAL
Número de control cancelado/no válido IBH8605110494
040 ## - FUENTE DE CATALOGACIÓN
Centro catalogador/agencia de origen IBH
Lengua de catalogación spa
Centro/agencia transcriptor M-BN-DP
080 ## - NÚMERO DE LA CLASIFICACIÓN DECIMAL UNIVERSAL
Número de la Clasificación Decimal Universal 92 Power, Teobaldo
100 1# - ENTRADA PRINCIPAL--NOMBRE DE PERSONA
Nombre de persona Rosell García, María.
9 (RLIN) 99686
245 10 - MENCIÓN DEL TÍTULO
Título Teobaldo Power y su época /
Mención de responsabilidad, etc. María Rosell García.
260 ## - PUBLICACIÓN, DISTRIBUCIÓN, ETC.
Lugar de publicación, distribución, etc. [Santa Cruz de Tenerife] :
Nombre del editor, distribuidor, etc. Consejería de Cultura y Deportes,
Fecha de publicación, distribución, etc. D. L. 1984.
300 ## - DESCRIPCIÓN FÍSICA
Extensión 15 p. ;
Dimensiones 21 cm.
500 ## - NOTA GENERAL
Nota general En la cub.: Teobaldo Power, 1848-1884: I Centenario de su muerte.
600 14 - PUNTO DE ACCESO ADICIONAL DE MATERIA--NOMBRE DE PERSONA
Nombre de persona Power, Teobaldo.
9 (RLIN) 93509
710 1# - ENTRADA AGREGADA--NOMBRE DE ENTIDAD CORPORATIVA
Nombre de entidad corporativa o nombre de jurisdicción como elemento de entrada Canarias.
Unidad subordinada Consejería de Cultura y Deportes.
9 (RLIN) 169400
852 ## - LOCALIZACIÓN
Ubicación ES-MaACL
Número de control de estantería L-20116
Sublocalización o colección R.116067
Holdings
Estatus retirado Estado de pérdida Estado de daño No para préstamo Biblioteca de origen Biblioteca actual Ubicación en estantería Fecha de adquisición Fuente de adquisición Total de préstamos Signatura topográfica completa Código de barras Visto por última vez Precio de reemplazo Tipo de ítem Koha
        Biblioteca del Ateneo de Madrid Biblioteca del Ateneo de Madrid Depósito 2 17/01/2008     L-20116 1012977 23/02/2023 23/02/2023 Libro impreso